000 00768nab a2200229 u 4500
001 07991
003 HDC
007 cr bn ---aaaaa
008 210129c2013 my dr|nes 0 a may d
040 _aHDC
245 0 _aRM2.42b Bantu Usahawan
260 _aKuala Lumpur :
_bThe New Straits Times Press (M) Bhd.,
_c2013
336 _atext
_2rdacontent
337 _acomputer
_2rdamedia
338 _aonline resource
_2rdacarrier
650 _aentrepreneurial financing
_zMalaysia
_98501
650 _asmall business
_zMalaysia
_91307
856 _zRequest full-text at [email protected]
942 _2lcc
942 _cNEWS
942 _kNWSC 002290
999 _c5314
_d5314